000 00612nam a2200229Ia 4500
003 OSt
005 20220918211909.0
006 a|||||r|||| 00| 0
007 ta
008 220917b |||||||| |||| 00| 0 eng d
024 _a126,151
037 _cTextual
040 _aARTS
_cARTS
_beng
041 _2eng
_aeng
082 _aW:(R)u, K0 (EV)
100 _aSchmandt Henry J
_9121679
245 0 _aHistory of political philosophy
260 _aMilwankee
_bBruce
_c1960
650 _aPOLITICAL SCIENCE
942 _hW:(R)u, K0 (EV)
_cTEXL
_2CC
999 _c249296
_d249296